Представление документа в формате RUSMARC

ПолеНазваниеЗначение
  Тип записи a
  Библиографический уровень a
001 Контрольный номер RU/CBS_UL/BASE/a8c45ab5fe52426ab3d340037d8cad33
005 Дата корректировки 20250328140839.0
100 Данные общей обработки __
a Данные общей обработки 20250109 ||| 0rusy0189 ca
101 Язык документа 0_
a Язык текста rus
102 Страна публикации __
a Страна публикации RU
200 Заглавие и сведения об ответственности 1_
a Заглавие Симбирские тайны Пушкина
e Сведения, относящиеся к заглавию [очерк о путешествии русского поэта в Симбирск]
f Первые сведения об ответственности Н. Марянин
300 Общие примечания __
a Общие примечания 12+
461 Уровень набора _0
1 2000
a Симбирскъ
463 Уровень физической единицы _0
1 2000
a № 3
v С. 4-14
1 2101
d 2024
1 001RU/CBS_UL/BASE/0c8f414d6f8542388c082c3c852e403e
600 Персоналии _1
a Персоналии (Фамилия) Пушкин
b Персоналии (Имя, инициалы) А. С.
606 Тематические рубрики 0_
a Основная рубрика Пушкин, Александр Сергеевич (1799-1837) - Места пребывания
610 Ключевые слова 0_
a Ключевые слова русские поэты
610 Ключевые слова 0_
a Ключевые слова поэты
610 Ключевые слова 0_
a Ключевые слова литературоведение
610 Ключевые слова 0_
a Ключевые слова посещения Симбирска
610 Ключевые слова 0_
a Ключевые слова путешествия
610 Ключевые слова 0_
a Ключевые слова Пугачевское восстание
686 Индексы других классификаций __
a Классификационный индекс 83.3(2Рос=Рус)1
700 Автор _1
a Фамилия Марянин
b Имя (инициалы) Н.
801 Источник записи _0
a Страна RU
b Организация МБУК ЦБС г. Ульяновска
c Дата составления 20250109
g Правила каталогизации RCR
801 Источник записи _1
a Страна RU
b Организация МБУК ЦБС г. Ульяновска
c Дата составления 20250109
g Правила каталогизации RCR
900 Электронные ресурсы __
a Имя электронного ресурса Марянин Н Симбирские тайны Пушкина-min
901 Тип документа __
t Тип документа b
w Контрольный № источника RU/CBS_UL/BASE/0c8f414d6f8542388c082c3c852e403e
909 Создатель записи __
a Создатель записи mbo